| 000 | 00999cam a2200313 i 4500 | ||
|---|---|---|---|
| 001 | 346320 | ||
| 003 | NUST | ||
| 005 | 20220411112338.0 | ||
| 008 | 761122s1977 mdu b 000 0 eng | ||
| 010 | _a 76047398 | ||
| 020 | _a0801819385 ; 0801819490 pbk. | ||
| 038 | _awaseem | ||
| 040 |
_aDLC _cDLC _dDLC |
||
| 043 |
_aa------ _ad------ |
||
| 050 | 0 | 0 |
_aHD4967 _b.M3 |
| 082 | 0 | 0 |
_a331.798091724 _bMCD |
| 100 | 1 |
_aMcDiarmid, Orville John, _d1909-1982. _990875 |
|
| 245 | 1 | 0 |
_aUnskilled labor for development : _bits economic cost / _cOrville John McDiarmid. |
| 260 |
_aBaltimore : _bPublished for the World Bank [by] the Johns Hopkins University Press, _cc1977. |
||
| 300 |
_axii, 206 p. ; _c24 cm. |
||
| 504 | _aBibliography: p. 203-206. | ||
| 563 | _aPBK. | ||
| 650 | 0 |
_aWages _zDeveloping countries. _990876 |
|
| 650 | 0 |
_aWages _zAsia. _990877 |
|
| 650 | 0 |
_aUnskilled labor. _990878 |
|
| 710 | 2 | _aWorld Bank. | |
| 906 |
_a7 _bcbc _corignew _d1 _eocip _f19 _gy-gencatlg |
||
| 942 |
_2ddc _cBK |
||
| 999 |
_c589083 _d589083 |
||